000 00561nam a22001577a 4500
003 OSt
005 20151028150848.0
008 151028b xxu||||| |||| 00| 0 eng d
040 _cRUA
082 _aATM.Sp PAN 2003 B064 O.1
100 _93039
_aPANG, BORA.
245 _aStudy on the duration of basic vegetative phase of some rice varieties, សិក្សាទៅលើរយៈពេលពេញវ័យរបស់ពូជស្រុវមួយចំនួន
260 _aPhnom Penh
_bRUA
_c2003
300 _a70p.
_bill.
_c29cm.
942 _2ddc
_cATMSP
999 _c2833
_d2833